LEADER 02480nam 2200613 450 001 9910480871603321 005 20180613001303.0 010 $a1-4704-0347-1 035 $a(CKB)3360000000464938 035 $a(EBL)3114374 035 $a(SSID)ssj0000973442 035 $a(PQKBManifestationID)11581301 035 $a(PQKBTitleCode)TC0000973442 035 $a(PQKBWorkID)10961186 035 $a(PQKB)10908762 035 $a(MiAaPQ)EBC3114374 035 $a(PPN)195416406 035 $a(EXLCZ)993360000000464938 100 $a20020418d2002 uy| 0 101 0 $aeng 135 $aur|n|---||||| 181 $ctxt 182 $cc 183 $acr 200 10$aDualities on generalized Koszul algebras /$fEdward L. Green, Idun Reiten, ?Øyvind Solberg 210 1$aProvidence, Rhode Island :$cAmerican Mathematical Society,$d2002. 215 $a1 online resource (90 p.) 225 1 $aMemoirs of the American Mathematical Society,$x0065-9266 ;$vnumber 754 300 $a"Volume 159, number 754 (first of 5 numbers)." 311 $a0-8218-2934-3 320 $aIncludes bibliographical references and index. 327 $a""Contents""; ""Introduction""; ""Acknowledgment""; ""Notation and general preliminary results""; ""Chapter I. Main results and examples""; ""1. Two classical cases""; ""2. Statements of main results""; ""3. T-Koszul algebras concentrated in degrees 0 and 1""; ""4. Further examples and classes of T-Koszul algebras""; ""Chapter II. Proofs of main results""; ""1. Preliminaries""; ""2. Duality""; ""3. T-Koszul algebras and quadratic algebras""; ""Chapter III. Generalized T-Koszul algebras""; ""1. Natural properties of Koszul modules""; ""2. Generalized T-Koszul algebras"" 410 0$aMemoirs of the American Mathematical Society ;$vno. 754. 606 $aGraded rings 606 $aArtin algebras 606 $aKoszul algebras 606 $aDuality theory (Mathematics) 608 $aElectronic books. 615 0$aGraded rings. 615 0$aArtin algebras. 615 0$aKoszul algebras. 615 0$aDuality theory (Mathematics) 676 $a510 s 676 $a512/.5 700 $aGreen$b Edward L.$f1946-$054768 702 $aReiten$b Idun$f1942- 702 $aSolberg$b ?Øyvind$f1961- 801 0$bMiAaPQ 801 1$bMiAaPQ 801 2$bMiAaPQ 906 $aBOOK 912 $a9910480871603321 996 $aDualities on generalized Koszul algebras$92102420 997 $aUNINA LEADER 00946nam a2200265 i 4500 001 991002249719707536 005 20020508193014.0 008 960925s1982 it ||| | ita 035 $ab10981147-39ule_inst 035 $aPARLA158117$9ExL 040 $aDip.to Scienze dell'Antichità$bita 100 1 $aHorst, Eberhard$0187388 245 10$aCesare /$cEberhard Horst ; edizione italiana a cura di Augusto Guida 260 $aMilano :$bRizzoli,$c1982 300 $a386 p. ;$c23 cm. 490 0 $aBiografie 500 $aTit. in cop.: La vita dell'uomo divenuto il simbolo del potere. 600 14$aCesare, Gaio Giulio 700 1 $aGuida, Augusto 907 $a.b10981147$b23-02-17$c28-06-02 912 $a991002249719707536 945 $aLE015 937 - 21$g1$i2015000113085$lle007$o-$pE0.00$q-$rl$s- $t0$u1$v0$w1$x0$y.i11093869$z28-06-02 996 $aCesare$9556156 997 $aUNISALENTO 998 $ale007$b01-01-96$cm$da $e-$fita$git $h0$i1